Bytová výstavba v Slovenskej republike

Bytová výstavba predstavuje proces výstavby bytov, je súčasťou trhového ekonomického systému, participujú na nej viaceré subjekty, obyvateľstvo, domácnosti, firmy, vláda, verejná správa, banky. Informácie o stave bytovej výstavby poskytujú údaje zo Sčítania obyvateľov, domov a bytov z mája 2011, kto...

Descrizione completa

Salvato in:
Dettagli Bibliografici
Autore principale: Vidová, Jarmila, 1967-
Natura: Capitolo di libro
Lingua:slovacco
Soggetti:
Tags: Aggiungi Tag
Nessun Tag, puoi essere il primo ad aggiungerne!!

MARC

LEADER 00000nla a2200000 4500
001 0201874
005 20240502073412.5
041 0 |a slo 
044 |a SK 
245 1 0 |a Bytová výstavba v Slovenskej republike  |c Jarmila Vidová 
520 |a Bytová výstavba predstavuje proces výstavby bytov, je súčasťou trhového ekonomického systému, participujú na nej viaceré subjekty, obyvateľstvo, domácnosti, firmy, vláda, verejná správa, banky. Informácie o stave bytovej výstavby poskytujú údaje zo Sčítania obyvateľov, domov a bytov z mája 2011, ktoré nadviazalo na predchádzajúce sčítania, ktoré sa v povojnovom období konali od roku 1961 pravidelne, zhruba v desaťročných cykloch. Sčítaním boli získané údaje o obyvateľstve, jeho demografických, sociálnych a ekonomických charakteristikách, domoch a bytoch, úrovni bývania, štruktúre domového a bytového fondu, technickej vybavenosti bytov. Kvalita a kvantita bytového fondu sa od vzniku Slovenskej republiky zvyšuje a posudzuje sa na základe viacerých ukazovateľov, počet začatých, dokončených a rozostavaných bytov, intenzita bytovej výstavby, vybavenosť cenzových domácností bytmi. 
610 2 0 |a výstavba bytová 
610 2 0 |a politika bytová 
610 2 0 |a Slovensko 
610 2 0 |a analýza štatistická 
610 2 0 |a vybavenosť domácností 
100 1 |a Vidová, Jarmila, 1967-